| 000 | 00818nam a2200241 a 4500 | ||
|---|---|---|---|
| 001 | 49796 | ||
| 003 | BD-RjUL | ||
| 005 | 20211209054730.0 | ||
| 008 | 160822s1940 ii a|||| |||| 00| 0 eng d | ||
| 020 | _c(V-1) | ||
| 035 | _a(BD-RjUL) 49916 | ||
| 040 |
_aBD-RjUL _beng _cBD-RjUL |
||
| 041 | _aeng | ||
| 082 |
_223 _a309.54 _bBOR 1940 |
||
| 110 | 1 |
_aBombay Economic and Industrial Survey Committee _9149270 |
|
| 245 |
_aReport of the Bombay Economic and Industrial Survey Committee, 1938-40 / _cBombay Economic and Industrial Survey Committee |
||
| 260 |
_aBombay : _bPrinted at the Government Central Press, _c1941 |
||
| 300 |
_aVol. : _bill. ; _c23 cm. |
||
| 505 | 0 | _aVol. 1-- | |
| 650 |
_a Economic _xHistory. _zBombay _9149264 |
||
| 651 |
_a Bombay (Presidency) _xEconomic conditions _9149265 |
||
| 942 |
_2ddc _cBK |
||
| 999 |
_c49796 _d49796 |
||